BIBLIOTECA PODER JUDICIAL
Portal Judicial TDF

Derecho internacional público profundizado / (Registro nro. 522)

000 -LEADER
fixed length control field 00499nam a22001697a 4500
003 - CONTROL NUMBER IDENTIFIER
control field OSt
005 - DATE AND TIME OF LATEST TRANSACTION
control field 20180519072213.0
008 - FIXED-LENGTH DATA ELEMENTS--GENERAL INFORMATION
fixed length control field 180221b xxu||||| |||| 00| 0 spa d
040 ## - CATALOGING SOURCE
Transcribing agency PJ
245 10 - MENCIÓN DE TÍTULO
Título propiamente dicho Derecho internacional público profundizado /
Mención de responsabilidad, etc Charles E. Rousseau.
260 ## - PUBLICATION, DISTRIBUTION, ETC. (IMPRINT)
Place of publication, distribution, etc Buenos Aires :
Name of publisher, distributor, etc La Ley,
Date of publication, distribution, etc 1966.
300 ## - DESCRIPCION FISICA
Extent 468 p.
Dimensions 23 cm.
500 ## - NOTA GENERAL
General note Notas a pie de algunas páginas.
504 ## - NOTA DE BIBLIOGRAFÍA, ETC.
Bibliography, etc .
650 #0 - ASIENTO SECUNDARIO DE MATERIA - TERMINO TEMATICO
9 (RLIN) 331
Topical term or geographic name as entry element DERECHO INTERNACIONAL PUBLICO
942 ## - ADDED ENTRY ELEMENTS (KOHA)
Source of classification or shelving scheme
Koha item type Libros
Classification part 341.1/.8
Item part ROU
Existencias
Withdrawn status Lost status Source of classification or shelving scheme Damaged status Not for loan Permanent Location Current Location Date acquired Full call number Barcode Date last seen Price effective from Koha item type
          Biblioteca Poder Judicial Sur Biblioteca Poder Judicial Sur 2018-05-19 341.1/.8 ROU 1828 2018-05-19 2018-05-19 Libros

12 de Octubre 789 Ushuaia - Tel:  54(02901)441571
Horario de Atención: 8.00 a 17.00 hs. 
bibliotecaush@justierradelfuego.gov.ar
koha@justierradelfuego.gov.ar
Seguinos en nuestras redes @bibliojustdf 

Con tecnología Koha